000 00424nam a2200157 a 4500
001 000031556
005 20200930063019.0
008 110627s19uu dr a 000 0 spa d
040 _aDO-SdBNP
_bspa
_cBNPHU
082 _axxxx
_bA162b
100 1 _aAbreu, Noé A.
_923825
245 1 3 _aEl brujo de borojol /
_cNoé A. Abreu.
260 _a[Santo Domingo :
_bs.n.,
_cs.f.].
300 _a30 p. :
_bil. ;
_c21 cm.
049 _aBNPD
999 _c31048
_d31048